Linear algebra with applications / (Record no. 29076)

000 -LEADER
fixed length control field 00533 a2200157 4500
020 ## - INTERNATIONAL STANDARD BOOK NUMBER
International Standard Book Number 0070922772
020 ## - INTERNATIONAL STANDARD BOOK NUMBER
International Standard Book Number 9780070922778
090 ## - LOCALLY ASSIGNED LC-TYPE CALL NUMBER (OCLC); LOCAL CALL NUMBER (RLIN)
-- 444
-- 444
100 1# - MAIN ENTRY--PERSONAL NAME
Personal name Nicholson, W. Keith.
245 10 - TITLE STATEMENT
Title Linear algebra with applications /
Statement of responsibility, etc. W. Keith Nicholson.
250 ## - EDITION STATEMENT
Edition statement 5th ed.
260 ## - PUBLICATION, DISTRIBUTION, ETC.
Place of publication, distribution, etc. [S.l.] :
Name of publisher, distributor, etc. Mcgraw Hill Higher Education,
Date of publication, distribution, etc. 2006.
300 ## - PHYSICAL DESCRIPTION
Extent 512 p. ;
Dimensions 25 cm.
942 ## - ADDED ENTRY ELEMENTS (KOHA)
Institution code [OBSOLETE] SNS
Koha item type Book
Call number prefix 512.5 NIC
Holdings
Withdrawn status Lost status Damaged status Not for loan Permanent Location Current Location Date acquired Total Checkouts Full call number Barcode Date last seen Price effective from Koha item type
        School of Natural Sciences (SNS) School of Natural Sciences (SNS) 05/26/2016   512.5 NIC SNS0000378 05/26/2016 05/26/2016 Book
© 2023 Central Library, National University of Sciences and Technology. All Rights Reserved.